Elecciones y cambio político en Guatemala /

Zapisane w:
Opis bibliograficzny
1. autor: Thesing, Josef
Format: Texto
Hasła przedmiotowe:
Etykiety: Dodaj etykietę
Nie ma etykietki, Dołącz pierwszą etykiete!

MARC

LEADER 00000 a a2200000 04500
001 45392
003
040
090 |a REV0780 (2)1976  
100 |a Thesing, Josef  
245 |a Elecciones y cambio político en Guatemala /  |c Josef Thesing  
650 |a ELECCIONES  
650 |a GUATEMALA  
773 |g número2, II Epoca, (julio - diciembre, 1976), páginas 5-33  
999 |c 28334  |d 28334